000 00786nam a2200253 a 4500
008
020 _a0198523009 (pbk.)
049 _aMAIN
090 _aQA280
100 1 _aTong, Howell.
245 1 0 _aNon-linear time series :
_ba dynamical system approach /
_cHowell Tong.
260 _aOxford :
_bOxford University Press,
_c1990.
300 _axvi, 564 p. :
_bill., map ;
_c24 cm.
440 0 _aOxford statistical science series ;
_v6.
504 _aIncludes bibliographical references: p. 536-552.
500 _aIncludes index.
650 0 _aTime-series analysis.
650 0 _aNonlinear theories.
907 _a.b10034158
_b26-11-03
_c17-04-03
003
005 20230123133442.0
040 _cNUST
942 _cBOOKS
_kQA280
999 _c148846
_d148846